An introduction to computer simulation methods : applications to physical systems
Saved in:
| Main Author: | |
|---|---|
| Other Authors: | |
| Format: | Book |
| Language: | English |
| Published: |
Reading, Massachusetts :
Addison-Wesley,
c1996
|
| Edition: | 2nd ed. |
| Subjects: | |
| Tags: |
Add Tag
No Tags, Be the first to tag this record!
|
MARC
| LEADER | 00000nam a2200000 i 4500 | ||
|---|---|---|---|
| 001 | 1/5942 | ||
| 008 | 000609s1996 eng d | ||
| 020 | |a 0-201-50604-1 | ||
| 035 | |l 10061761 | ||
| 040 | |a GR-MY-UA |b gre |e aacr | ||
| 041 | 0 | |a eng | |
| 082 | 0 | |a 530.0113 |2 (20) | |
| 100 | 1 | |a Gould, Harvey |d 1938- | |
| 245 | 1 | 3 | |a An introduction to computer simulation methods : |b applications to physical systems / |c Harvey Gould, Jan Tobochnik |
| 250 | |a 2nd ed. | ||
| 260 | |a Reading, Massachusetts : |b Addison-Wesley, |c c1996 | ||
| 300 | |a xvi, 721 p.; |b ill.; |c 25 cm. | ||
| 504 | |a Includes bibliographical references and index | ||
| 650 | 0 | 0 | |a Physics |x Data processing. |
| 650 | 0 | 0 | |a Physics |x Simulation methods. |
| 650 | 0 | 0 | |a Physics |x Computer simulation. |
| 700 | 1 | |a Tobochnik, Jan |d 1953- | |
| 852 | |a INST |b SAMOS |e 20000609 |h 530.0113 GOU |p 005300019623 |q 005300019623 |t BK |y 0 | ||
| 901 | |a BIBL3-2000-2 | ||
| 909 | |a Σ |b 078918 | ||
| 922 | |a 3ΕΛΗ |b 200005 |c ΚΠΣ |d ΠΑΠΑΣΩΤΗΡΙΟΥ | ||
| 950 | |a 116-1999-12-31 | ||
| 970 | |a ΜΑΛΑΓΑΡΗ |b ΦΩΤΕΙΝΗ |z 2000/07/26 | ||